000 00209 a2200097 4500
001 53357
100 _aSchweegler,B
245 _aWather and energy
260 _a612.p
_bMc Graw Hill
_c
090 _c33605
_d33605
942 _aNUST-CAE
_cM
_c26231
999 _c288430
_d288430